<?xml version="1.0" encoding="UTF-8"?>
<record
    xmlns:xsi="http://www.w3.org/2001/XMLSchema-instance"
    xsi:schemaLocation="http://www.loc.gov/MARC21/slim http://www.loc.gov/standards/marcxml/schema/MARC21slim.xsd"
    xmlns="http://www.loc.gov/MARC21/slim">

  <leader>00692nam a2200229Ia 4500</leader>
  <controlfield tag="001">2907</controlfield>
  <controlfield tag="003">GE_BSU</controlfield>
  <controlfield tag="008">181216s||||||||xx |||||||||||||| ||und||</controlfield>
  <datafield tag="020" ind1=" " ind2=" ">
    <subfield code="a">5773300850</subfield>
  </datafield>
  <datafield tag="040" ind1=" " ind2=" ">
    <subfield code="c">GE_BSU</subfield>
  </datafield>
  <datafield tag="080" ind1=" " ind2=" ">
    <subfield code="a">657.02+330</subfield>
  </datafield>
  <datafield tag="100" ind1=" " ind2=" ">
    <subfield code="a">&#x41A;&#x435;&#x43C;&#x442;&#x435;&#x440; &#x412;.&#x411;, &#x415;.&#x424;.&#x41C;&#x43E;&#x441;&#x438;&#x43D; &#x415;.&#x424;;</subfield>
  </datafield>
  <datafield tag="245" ind1=" " ind2=" ">
    <subfield code="a">&#x41F;&#x440;&#x438;&#x431;&#x44B;&#x43B;&#x438; &#x438; &#x443;&#x431;&#x44B;&#x442;&#x43A;&#x438; &#x444;&#x438;&#x440;&#x43C;&#x44B;:&#x421;&#x442;&#x440;&#x443;&#x43A;&#x442;&#x443;&#x440;&#x430;, &#x411;&#x443;&#x445;&#x433;&#x430;&#x43B;&#x442;&#x435;&#x440;&#x441;&#x43A;&#x438;&#x439; &#x443;&#x447;&#x435;&#x442; &#x43D;&#x430;&#x43B;&#x43E;&#x433;&#x43E;&#x43E;&#x431;&#x43B;&#x43E;&#x436;&#x435;&#x43D;&#x438;&#x435;</subfield>
  </datafield>
  <datafield tag="260" ind1=" " ind2=" ">
    <subfield code="a">&#x421;&#x41F;&#x411;</subfield>
  </datafield>
  <datafield tag="260" ind1=" " ind2=" ">
    <subfield code="b">&#x417;&#x410;&#x41E;,&#x417;&#x41B;&#x411;</subfield>
  </datafield>
  <datafield tag="260" ind1=" " ind2=" ">
    <subfield code="c">1997</subfield>
  </datafield>
  <datafield tag="300" ind1=" " ind2=" ">
    <subfield code="a">496 &#x441;&#x43C;. 20 &#x441;&#x43C;.</subfield>
  </datafield>
  <datafield tag="541" ind1=" " ind2=" ">
    <subfield code="h">10 &#x41B; 35&#x422;.</subfield>
  </datafield>
  <datafield tag="653" ind1=" " ind2=" ">
    <subfield code="a">&#x411;&#x443;&#x445;&#x433;&#x430;&#x43B;&#x442;&#x435;&#x440;&#x441;&#x43A;&#x438;&#x439; &#x443;&#x447;&#x435;&#x442;</subfield>
  </datafield>
  <datafield tag="653" ind1=" " ind2=" ">
    <subfield code="a">&#x41F;&#x440;&#x438;&#x431;&#x44B;&#x43B;&#x438; &#x438; &#x443;&#x431;&#x44B;&#x442;&#x43A;&#x438; &#x444;&#x438;&#x440;&#x43C;&#x44B;</subfield>
  </datafield>
  <datafield tag="942" ind1=" " ind2=" ">
    <subfield code="c">BK</subfield>
  </datafield>
  <datafield tag="999" ind1=" " ind2=" ">
    <subfield code="c">36955</subfield>
    <subfield code="d">36955</subfield>
  </datafield>
  <datafield tag="952" ind1=" " ind2=" ">
    <subfield code="0">0</subfield>
    <subfield code="1">0</subfield>
    <subfield code="4">0</subfield>
    <subfield code="7">0</subfield>
    <subfield code="9">36446</subfield>
    <subfield code="d">2018-12-17</subfield>
    <subfield code="p">7918</subfield>
    <subfield code="r">2018-12-17</subfield>
    <subfield code="w">2018-12-17</subfield>
    <subfield code="y">BK</subfield>
  </datafield>
  <datafield tag="952" ind1=" " ind2=" ">
    <subfield code="0">0</subfield>
    <subfield code="1">0</subfield>
    <subfield code="4">0</subfield>
    <subfield code="7">0</subfield>
    <subfield code="9">36447</subfield>
    <subfield code="d">2018-12-17</subfield>
    <subfield code="p">7919</subfield>
    <subfield code="r">2018-12-17</subfield>
    <subfield code="w">2018-12-17</subfield>
    <subfield code="y">BK</subfield>
    <subfield code="z">&#x10D3;&#x10D0;&#x10E0;&#x10D1;&#x10D0;&#x10D6;&#x10D8;</subfield>
  </datafield>
  <datafield tag="952" ind1=" " ind2=" ">
    <subfield code="0">0</subfield>
    <subfield code="1">0</subfield>
    <subfield code="4">0</subfield>
    <subfield code="7">0</subfield>
    <subfield code="9">36448</subfield>
    <subfield code="d">2018-12-17</subfield>
    <subfield code="p">8169</subfield>
    <subfield code="r">2018-12-17</subfield>
    <subfield code="w">2018-12-17</subfield>
    <subfield code="y">BK</subfield>
    <subfield code="z">&#x10D3;&#x10D0;&#x10E0;&#x10D1;&#x10D0;&#x10D6;&#x10D8;</subfield>
  </datafield>
</record>
